Geography Quiz

Random Geography or State Quiz

US States By Vowels Quiz Stats

 Plays Quiz Updated Dec 5, 2018

Support Sporcle.
Go Orange.
Score 0/50 Timer 10:00
0 Plays Today
Vowels US state % Correct
aaaAlaska
83.3%
iiiiMississippi
82.4%
e oNew York
79.1%
aaaaAlabama
78.4%
aaiiHawaii
78.2%
ou aoiaSouth Carolina
77.6%
o aoiaNorth Carolina
76.6%
ou aoaSouth Dakota
76.5%
o aoaNorth Dakota
74.5%
e eioNew Mexico
74.2%
e eeyNew Jersey
72.7%
oioOhio
72.4%
iioiIllinois
66.8%
ouiiaaLouisiana
66%
aaaArkansas
65.4%
aioiaCalifornia
64.8%
e aieNew Hampshire
63.4%
aieMaine
61.6%
oiaFlorida
61.4%
eeeeTennessee
61.3%
iaoIdaho
60.7%
ooaoColorado
60.4%
oe iaRhode Island
60.3%
yoiWyoming
59.7%
ioaIowa
59.6%
Vowels US state % Correct
uaUtah
59.6%
eaTexas
59.5%
e iiiaWest Virginia
58.4%
oeoOregon
57.2%
iouiMissouri
56.1%
eoiaGeorgia
55.4%
iiaaIndiana
53.4%
euyKentucky
52.5%
aaKansas
52.3%
aioWashington
51.6%
iiiaVirginia
51%
eoVermont
49.4%
oaoaOklahoma
48.1%
aioaArizona
47%
oaaMontana
46.9%
iiaMichigan
46.9%
eyaiaPennsylvania
45.8%
eaaNevada
45.4%
eaaeDelaware
45.4%
aaueMassachusetts
45.1%
eaaNebraska
45%
ayaMaryland
43.4%
oeiuConnecticut
42.2%
ieoaMinnesota
42%
ioiWisconsin
35.6%

From the Vault

Obama's Cabinet

by PhilSandifer

History 5m
This quiz has been approved by the United States Congress.
Remove Ads.
Support Sporcle.
Get the best of Sporcle when you Go Orange. This ad-free experience offers more features, more stats, and more fun while also helping to support Sporcle. Thank you for becoming a member.

Show Comments

Extras

Top Quizzes Today


Score Distribution

Your Account Isn't Verified!

In order to create a playlist on Sporcle, you need to verify the email address you used during registration. Go to your Sporcle Settings to finish the process.

Report this User

Report this user for behavior that violates our Community Guidelines.

Details: